| 000 | 00484nam a2200169Ia 4500 | ||
|---|---|---|---|
| 003 | SGT | ||
| 020 | _a9788189928469 | ||
| 082 |
_a621.434 _bMAT |
||
| 100 | _aMathur,M.L | ||
| 245 | _aInternal combustion engine | ||
| 260 |
_bDhanpat Rai Publication _aNew Delhi _c2012 |
||
| 300 | _a1010p. | ||
| 650 | _aENGINEERING AND ALLIED OPERATIONS | ||
| 653 | _aMECHANICAL ENGINEERING , HEAT ENGINES , HISTORICAL DEVELOPMENT , MODERN DEVELOPMENT | ||
| 700 | _aSharma,R.P | ||
| 942 |
_2ddc _cBK _09 |
||
| 999 |
_c5763 _d5763 |
||